Wszystkie skiny do Novy w CS:GO - Statystyki

Ogólne statystyki
  • Ten quiz został rozwiązany 4 razy
  • Średni wynik to 9 z 32
Statystyki odpowiedzi
Jakość Skin % Poprawnych
Różowy Hyper Beast
100%
Fioletowy Koi
100%
Niebieski Exo
50%
Fioletowy Gila
50%
Fioletowy Graphite
50%
Niebieski Green Apple
50%
Niebieski Predator
50%
Niebieski Sand Dune
50%
Różowy Antique
25%
Fioletowy Baroque Orange
25%
Niebieski Blaze Orange
25%
Niebieski Candy Apple
25%
Niebieski Forest Leaves
25%
Niebieski Modern Hunter
25%
Niebieski Moon in Libra
25%
Niebieski Ranger
25%
Fioletowy Rising Skull
25%
Niebieski Rust Coat
25%
Niebieski Tempest
25%
Fioletowy Toy Soldier
25%
Niebieski Walnut
25%
Fioletowy Wild Six
25%
Niebieski Windblown
25%
Niebieski Army Sheen
0%
Różowy Bloomstick
0%
Niebieski Caged Steel
0%
Fioletowy Clear Polymer
0%
Niebieski Ghost Camo
0%
Niebieski Mandrel
0%
Niebieski Plume
0%
Niebieski Polar Mesh
0%
Niebieski Wood Fired
0%
Nie znaleziono quizów pasujących do podanych kryteriów
Rozkład punktacji
Procent ludzi z każdym wynikiem
Percentyl według liczby udzielonych odpowiedzi
Twoja historia wyników
Nie rozwiązałeś tego quizu